000 00986nam a22002537a 4500
005 20180223104538.0
010 _aBAC-EN21 ENG-111602 B-663771
020 _a9788184082951
_c150.00
020 _a8184082959
_c150.00
035 _aEN-95134
035 _aB-578408-433
035 _aB-663771
037 _adpl
_bIndiana/Ven
037 _aDBAD/PUB
082 _a615.8
100 _aKulkarni,V.M.
245 _aHealing with water :
_cby V.M.Kulkarni
_bdrugless prevention and cure /
260 _aNew Delhi
_bIndiana Publishing House
_c2013
270 _a2/13,Ansari Road,Daryaganj
_bNew Delhi
_e110002
300 _a172p. :
_c22cm(pbk)
_bill.
942 _2ddc
_cEN
_mKUL
_h615.8
999 _c89506
_d89506